| 000 | 00000nas 2200000za 4500 |
| 001 | 9.864135 |
| 003 | CaOODSP |
| 005 | 20231115162813 |
| 006 | m go d f |
| 007 | cr ||||||||||| |
| 008 | 181102c20189999qucar p o f0 a0fre|d |
| 022 | |a2562-1076 |
| 040 | |aCaOODSP|bfre|erda|cCaOODSP |
| 043 | |an-cn--- |
| 086 | 1 |aP1-39F-PDF |
| 110 | 1 |aCanada. |bServices publics et approvisionnement Canada. |
| 222 | 0|aRapport sur les frais de … |b(Canada. Services publics et approvisionnements Canada) |
| 245 | 10|aRapport sur les frais de … / |cServices publics et Approvisionnement Canada. |
| 246 | 13|aRapport sur les frais exercice ... |
| 264 | 1|a[Gatineau (Québec)] : |bServices publics et Approvisionnement Canada, |c[2019]- |
| 310 | |aAnnuel |
| 336 | |atexte|btxt|2rdacontent/fre |
| 337 | |ainformatique|bc|2rdamedia/fre |
| 338 | |aressource en ligne|bcr|2rdacarrier/fre |
| 362 | 1 |aParaît depuis 2017 à 2018. |
| 500 | |aPublié aussi en anglais sous le titre : Fees report. |
| 692 | 07|2gccst|aCoût |
| 775 | 08|t… fees report / |w(CaOODSP)9.864134 |